Visualizzazione normale
Vista MARC
- Gustave Closen
di Personal Name
Records bibliografici associati: 1
001 - CONTROL NUMBER
- control field: 35973
003 - CONTROL NUMBER IDENTIFIER
- control field: IT-RoPau
005 - DATE AND TIME OF LATEST TRANSACTION
- control field: 20150919224354.0
008 - FIXED-LENGTH DATA ELEMENTS
- fixed length control field: 150919|| aca||aabn | a|a d
040 ## - CATALOGING SOURCE
- Original cataloging agency: IT-RoPau
- Transcribing agency: IT-RoPau
100 ## - HEADING--PERSONAL NAME
- Personal name: Gustave Closen
670 ## - SOURCE DATA FOUND
- Source citation: Work cat.: (IT-RoPau)31564: Gustave Closen, Incontro con il libro sacro. Elevazioni e considerazioni su idee religiose dell’A. T.